000 00461nam a22001577a 4500
005 20251105105511.0
008 251105b |||||||| |||| 00| 0 eng d
020 _a9780074638187
050 _aTA145 PAL
100 _aPalanichamy, M. S.
245 _aBasic Civil Engineering
_cM.S. Palanichamy
250 _a3rd ed.
260 _aNew Delhi
_bTata McGraw-Hill Publishing Company Limited
_c2000
300 _axiv. 398p.
_bill.
_c23cm,
942 _2lcc
_cBK
_e3rd ed.
_n0
999 _c8051
_d8051